| 000 | 00449nam a2200169Ia 4500 | ||
|---|---|---|---|
| 005 | 20250423101012.0 | ||
| 008 | 250422s9999 xx 000 0 und d | ||
| 020 | _a0- 393- 96052- 8 | ||
| 050 | _aHB 137 .S73/ | ||
| 100 | _aEdwin Mansfield | ||
| 245 | 0 | _aStatistics for business and economics: problems, exercises, and case studies | |
| 250 | _a4th ed. | ||
| 260 | _bW. W. Norton & company | ||
| 260 | _c1991 | ||
| 300 | _a272 p | ||
| 942 | _cBK | ||
| 999 |
_c34987 _d34987 |
||